023070000a22003490004500003001100000008004100011020001800052040003900070041000800109082001300117245012000130250001600250260005700266300001000323650010100333650009800434650011000532650012200642650007900764650009900843650008800942650008401030650005901114650011101173650007901284650009601363650006601459650014101525650010601666650009801772650008701870LK-CoMWRAF230817t ||||| |||| 00| 0 eng d a9789551274320 aLK-CoMWRAFdLK-CoMWRAFeLK-CoMWRAF aeng a730bGLI aNeth Maima (A Glimpse of the East)bDakune Madyawedinge Negenehira Charikawa (Impressions of Southern Journalists)  a1st Edition bNational Peace CouncilaSri Lanka (Colombo 06)c2007 ap.100 aA correct picture of the eastern crisis is necessary by Ven. Mawadavila Shantha Thero - Telwatte aA society immune to bribery and corruption by Bandula Gunasekara (Journalist - Kamburupitiya) aChange of attitude necessary towards the ceasefire agreement by P.D. Liyanage by (Correspondent - Matara) aCivilian life in Trincomalee squashed by separatism, Shantha Mahindapala (Field Coordinator - National Peace Council) aFight for Peace by M.P. Chandrapala (Correspondent, Lankadeepa - Tangalle) aIf solidarity is to be ensured by Ariyadasa Kodituwakku (Correspondent, Lankadeepa - Tangalle) aKeeping space for freedom and Peace by T.K. Sugathadasa (Correspondent - Malimbada) aMy experience during the Eastern tour - D.J. Wijesinghe (Journalist - Elpitiya) aPeace without Peace by L.Y. Sujith Kumara (Journalist) aSouthern journalist four day observation tour of Trincomalee by Asoka Chandrasena (Correspondent - Matara) aThe Barbaric War - Ven. Morahela Sumanaransi Maha Thero - Uragasmanhandiya aThe Eastern Population still afflicted by the ill-effects of the War by Jayatissa Tennekoon aThe Kuchchiaveli - A poor villege by Justin Kodikara - Matara aThe People of the East suffering in the face of disparity in the distribution of Tsunami relief by W.P. Dharmasena (Journalist - Matara) aThe tour of the east by southern jounalists, Lasantha Wijayarathna (Editor-in-chief - Dakshina Lanka) aWithdrawal of security forces from Trincomalee by K.W. Gunawardene (Correspondent - Akuressa) aWomen of Kinniya by S. Dharmalingam (Field Coordinator - National Peace Council)